| 000 | 00574nam a2200181Ia 4500 | ||
|---|---|---|---|
| 008 | 151018s9999 xx 000 0 und d | ||
| 082 |
_bRBASDV38182 _a891.463 |
||
| 100 | _aउन्मेष | ||
| 245 | _aगणपतीच्या गोष्टी | ||
| 250 | _b1 | ||
| 260 |
_bजयदीप प्रकाशन पुणे _c2004 |
||
| 300 | _a44 | ||
| 600 | _aउन्मेष | ||
| 630 | _aगणपतीच्या गोष्टी | ||
| 700 | _aउन्मेष | ||
| 730 | _aगणपतीच्या गोष्टी | ||
| 942 | _cBOOK | ||
| 999 |
_c1037591 _d1037588 |
||